000
00380nam a22001097a 4500
082
_a
800
100
_a
गांयनका, कमल किशोर
_9
78270
245
_a
मॉरिशस हिन्दी साहित्य
260
_a
दिल्ली
_b
स्वराज प्रकाशन
_c
2020
650
_a
साहित्य
942
_c
HIN
999
_c
68274
_d
68274